Responses for Show #8108 - Wednesday, December 4, 2019

Jennifer Quail game 1.

Contestants

[<< previous game]

Jennifer Quail, a wine tasting consultant from Dowagiac, Michigan

Davita Curtis, a retired court clerk from Salem, Oregon

Stephanie Sumulong, a middle school social studies teacher from Fort Collins, Colorado (whose 1-day cash winnings total $12,399)

[next game >>]

Jeopardy! Round responses

YOU CAN TAKE THAT TO THE BANK!
TRIOS
IN THE NATIONAL TOY HALL OF FAME
THE SONG (BY PARENTHETICAL TITLE)
BENGAL
TIGER TALK
    $200 11
(Alex: Yeah. I wanna go to visit that one.)

an ATM

Stephanie
    $200 17
the Trinity

Davita
    $200 1
a pinball machine

Jennifer
    $200 26
"A Natural Woman"

Jennifer
    $200 16
(Jennifer: What is Pakistan?)

Bangladesh

DavitaJennifer
    $200 6
a tiger mom

Stephanie
    $400 12
a CD

Stephanie
    $400 18
Snap, Crackle & Pop

Stephanie
    $400 2
a rubber ducky

Jennifer
    $400 27
"Fight For Your Right"

Stephanie
    $400 22
Islam (Muslim)

Stephanie
    $400 7
Hold that tiger!

Triple Stumper
    $600 13
a safe deposit box

Stephanie
    $600 19
the three monkeys

Davita
    $600 3
a Game Boy

Jennifer
    $600 28
"Don't You"

Davita
    $600 23
dessert

Jennifer
    $600 8
Survivor

Stephanie
    $800 14
fraud

Jennifer
    $800 20
Wynken, Blynken & Nod

Jennifer
    $800 4
Twister

Davita
    $800 29
(Jennifer: What is "I'll Do Anything For Love"?)
(Stephanie: "I Would Do Anything"--what is "I Would Do Anything For Love"?)

"I'd Do Anything For Love"

StephanieJennifer
Triple Stumper
    $2,000 24
Kolkata (Calcutta)

Jennifer
    $800 9
a paper tiger

Jennifer
    $1000 15
a home equity line of credit

Jennifer
    $1000 21
the Fates

Jennifer
    $1000 5
Raggedy Ann

Jennifer
    $1000 30
"One Less Day"

Triple Stumper
    $1000 25
Rabindranath Tagore

Triple Stumper
    $1000 10
the lady & the tiger

Jennifer

Scores at the first commercial break (after clue 15):

Stephanie Davita Jennifer
$2,000 $800 $5,800

Scores at the end of the Jeopardy! Round:

Stephanie Davita Jennifer
$2,400 $2,400 $9,400

Double Jeopardy! Round responses

LET'S SCIENCE THE HECK OUT OF THIS
OSCAR ONE OF A KINDS
HISTORIC NAMES
LITERARY PASSINGS
MODERN ACTIVISM
ENDS WITH 2 VOWELS
    $400 11
carbon dioxide

Stephanie
    $400 16
Laurel and Hardy

Jennifer
    $400 1
[Stephanie selected the first clue.]

Benito Mussolini

Stephanie
    $400 6
Les Misérables

Jennifer
    $400 26
a wall

Stephanie
    $400 21
cocoa

Stephanie
    $800 12
a sonic boom

Jennifer
    $800 17
Midnight Cowboy

Jennifer
    $800 2
Mahatma Gandhi

Jennifer
    $4,000 7
Professor Moriarty

Jennifer
    $800 27
Ferguson

Davita
    $800 22
a caribou

Jennifer
    $1200 13
(Stephanie: What is Macau?)

Gibraltar

StephanieJennifer
    $1200 18
wood

Davita
    $1200 3
Cleopatra

Jennifer
    $1200 8
(Jennifer: What is a mountain lion?)

a wolf

Jennifer
Triple Stumper
    $1200 28
Grannies

Jennifer
    $1200 23
jamboree

Jennifer
    $1600 14
the polar vortex

Jennifer
    $1600 19
Wings

Jennifer
    $3,000 4
(Johannes) Kepler

Jennifer
    $1600 9
The Stranger

Jennifer
    $1600 29
(Jennifer: What is Taiwan?)

Hong Kong

DavitaJennifer
    $1600 24
rosacea

Stephanie
    $2000 15
(Jennifer: What is a diaphragm?)

the swim bladder

Jennifer
Triple Stumper
    $2000 20
St. Bernadette

Jennifer
    $2000 5
U Thant

Jennifer
    $2000 10
Hector

Jennifer
    $2000 30
(Jennifer: What is [*]?)
(Alex: You are right. And my gosh, look at your score! $35,200!)
[Applause from audience, as well as from Stephanie and Davita]
(Alex: I mean, it is one thing to turn the game into a runaway. It is another thing to blow away your opponents. Most impressive.)

yellow vests

Jennifer
    $2000 25
a bisque

Jennifer

Scores at the end of the Double Jeopardy! Round:

Stephanie Davita Jennifer
$4,400 $6,000 $35,200
(lock game)

[wagering suggestions for these scores]

Final Jeopardy! Round responses

OPERA TITLE NAMES
StephanieWho is Icarus?
$2,000
DavitaWho is the Barber of Seville?
$2,800
JenniferWho is Don Giovanni?
$10,000
Don Giovanni

Final scores:

Stephanie Davita Jennifer
$2,400 $3,200 $45,200
3rd place: $1,000 2nd place: $2,000 New champion: $45,200

Game dynamics:

Coryat scores:

Stephanie Davita Jennifer
$4,400 $6,000 $29,400
13 R,
2 W
8 R,
0 W
33 R
(including 3 DDs),
5 W

Combined Coryat: $39,800

[game clues] [game scores] [suggest correction]

Game tape date: 2019-10-04
The J! Archive is created by fans, for fans. Scraping, republication, monetization, and malicious use prohibited; this site may use cookies and collect identifying information. See terms. The Jeopardy! game show and all elements thereof, including but not limited to copyright and trademark thereto, are the property of Jeopardy Productions, Inc. and are protected under law. This website is not affiliated with, sponsored by, or operated by Jeopardy Productions, Inc. Join the discussion at JBoard.tv.